|
|
|
|
| LEADER |
00000cas a2200000 a 4500 |
| 005 |
2011092207137.0 |
| 008 |
891118d19881989fluar s s0 0eng |
| 010 |
|
|
|a
|
| 035 |
|
|
|a 2605
|
| 040 |
|
|
|a DLC
|c DLC
|d MH
|d FU
|d DLC
|d InU
|d vLex
|
| 043 |
|
|
|a n-us-fl
|
| 082 |
0 |
0 |
|a 364.1/09759/021
|2 20
|
| 090 |
|
|
|c 2536
|d 2536
|
| 130 |
0 |
|
|a Uniform crime reports (Tallahassee, Fla.)
|
| 245 |
0 |
0 |
|a Uniform crime reports.
|h [Recurso electrn̤ico]
|
| 246 |
1 |
4 |
|a Crime in Florida
|
| 246 |
1 |
4 |
|a Crime in Florida, annual report
|
| 256 |
|
|
|a Servicio en ln̕ea.
|
| 260 |
|
|
|a Tallahassee, Fla. :
|b Florida Dept. of Law Enforcement,
|c [1988-
|
| 300 |
|
|
|a 2 v. :
|b ill. ;
|c 28 cm.
|
| 310 |
|
|
|a Anual
|
| 362 |
0 |
|
|a 1988-89
|
| 506 |
1 |
|
|a Contenido solo disponible en los productos indicados
|d vLex Global
|d vLex Global (Academic Edition, excluding Law Schools)
|d vLex Global (U.S. Academic Edition, Law Schools)
|d vLex Global (U.S. Academic Edition, excluding Law Schools)
|d vLex Global (Academic Edition, Law Schools)
|
| 550 |
|
|
|a Emitido por: Florida Dept. of Law Enforcement, Division of Criminal Justice Information Systems.
|
| 650 |
0 |
4 |
|a Estads̕ticas criminales
|z Florida
|v Revistas
|
| 710 |
1 |
|
|a Florida.
|b Dept. of Law Enforcement.
|
| 710 |
1 |
|
|a Florida.
|b Division of Criminal Justice Information Systems.
|
| 740 |
0 |
|
|a vLex Revistas (Servicio en ln̕ea)
|
| 856 |
4 |
0 |
|u http://vlex.com/source/uniform-crime-reports-2605
|z Acceso restringido
|
| 942 |
|
|
|c REV
|